Guess the 1960s song lyrics #149 - Statistics

General Stats
  • This quiz has been taken 19 times
  • The average score is 88 of 158
Answer Stats
Answer % Correct
I
94%
A
89%
a
89%
and
89%
the
89%
I'm
83%
me
83%
my
83%
no
83%
to
83%
from
78%
on
78%
car
72%
her
72%
in
72%
way
72%
by
67%
get
67%
got
61%
Oh
61%
She
61%
so
61%
too
61%
am
56%
goes
56%
here
56%
home
56%
I've
56%
Long
56%
long
56%
up
56%
It's
50%
light
50%
baby's
44%
Been
44%
Gotta
44%
Hitchin
44%
hitchin
44%
mornin
44%
ride
44%
Ride
44%
side
44%
won't
44%
away
39%
thumb
39%
lonely
33%
stop
33%
train
33%
Vanity Fare
33%
call
28%
keep
28%
pourin
28%
rain
28%
satisfied
28%
somebody
28%
distance
22%
drownin
22%
help
22%
nearly
22%
today
22%
fare
17%
guy
17%
1am
11%
sounded
11%
ride
0%
No matching quizzes found
Score Distribution
Percent of People with Each Score
Percentile by Number Answered
Your Score History
You have not taken this quiz